Most Populous Countries in Africa by Year - Past and Future - Statistics

General Stats
  • This quiz has been taken 90 times
    80 since last reset
  • The average score is 17 of 19
Answer Stats
Pop. Answer % Correct
48.7 Niger
100%
71.8 Nigeria
100%
26.3 Democratic Republic of the Congo
99%
43.1 Egypt
99%
18.4 Algeria
97%
29.0 South Africa
97%
15.8 Kenya
96%
19.4 Morocco
96%
19.0 Tanzania
96%
34.9 Ethiopia
93%
16.1 Angola
90%
13.1 Uganda
90%
16.3 Sudan
88%
11.3 Mozambique
84%
11.6 Ghana
82%
74.6 Mali
82%
8.3 Cameroon
78%
8.8 Madagascar
75%
16.5 Ivory Coast
72%
No matching quizzes found
Score Distribution
Percent of People with Each Score
Percentile by Number Answered
Your Score History
You have not taken this quiz since the last reset